Diseño de espesor de pavimento flexible por el método AASHTO 93 y Murillo López de Souza del proyecto Telica-San Isidro, tramo Malpaisillo- Los Zarzales
Presenta un diseño del espesor de pavimento flexible del tramo de carretera Malpaisillo, utilizando para ello los métodos AASHTO 93 y Murillo López de Souza, en el cual se evalúan las condiciones del drenaje existente para una alcantarilla, sirviendo como patrón para todas las demás, esto se r...
| Main Authors: | , , |
|---|---|
| Other Authors: | |
| Format: | Tesis Section = Libro |
| Language: | Undetermined Spanish |
| Published: |
Managua
UNI
2007
|
| Subjects: |
| LEADER | 01418nam a2200277Ia 4500 | ||
|---|---|---|---|
| 008 | 240830s9999 xx 000 0 und d | ||
| 040 | |a BIBLIOTECA-RUPAP T.Mon 625.85 N322 | ||
| 041 | |a spa | ||
| 082 | |a T.Mon 625.85 N322 | ||
| 100 | 1 | |a Navarro Hudiel, Sergio Junior | |
| 100 | 1 | |b Roa Palacios, Erving José | |
| 100 | 1 | |c Silva Borjas Cristhiam Mariela | |
| 245 | 1 | 0 | |a Diseño de espesor de pavimento flexible por el método AASHTO 93 y Murillo López de Souza del proyecto Telica-San Isidro, tramo Malpaisillo- Los Zarzales |
| 260 | |a Managua |b UNI |c 2007 | ||
| 300 | |a 90 p. :il. | ||
| 500 | |a Contiene: anexos. | ||
| 502 | |a Tesis (Ingeniero Civil)- UNI, 2007. | ||
| 520 | 3 | |a Presenta un diseño del espesor de pavimento flexible del tramo de carretera Malpaisillo, utilizando para ello los métodos AASHTO 93 y Murillo López de Souza, en el cual se evalúan las condiciones del drenaje existente para una alcantarilla, sirviendo como patrón para todas las demás, esto se realizó utilizando el método racional para el diseño hidrológico y el método de diseño de alcantarillas con control en salida para el diseño hidráulico | |
| 650 | 7 | |a PAVIMENTOS | |
| 650 | 7 | |b PAVIMENTOS FLEXIBLES | |
| 650 | 7 | |c PAVIMENTOS DE ASFALTO | |
| 650 | 7 | |e PAVIEMENTOS DISEÑO Y CONSYTRUCCION | |
| 700 | 1 | |a Tutor: |b Bustamante Arteaga, José Fernando | |
| 942 | |c BK |2 ddc | ||
| 991 | |a TESIS | ||
| 999 | |c 18384 | ||